Contaminación agraria difusa
Gespeichert in:
| Hauptverfasser: | , , |
|---|---|
| Körperschaft: | |
| Format: | Buch |
| Sprache: | Spanisch |
| Veröffentlicht: |
Madrid
Ministerio de Obras Públicas y Urbanismo
1989
|
| Schriftenreihe: | Unidades Temáticas Ambientales
|
| Schlagworte: | |
| Tags: |
Tag hinzufügen
Keine Tags, Fügen Sie den ersten Tag hinzu!
|
MARC
| LEADER | 00000nam a2200000 a 4500 | ||
|---|---|---|---|
| 001 | UCV5945 | ||
| 003 | CL-VaPUC | ||
| 008 | 921016e19890000SP |||||||||||||||||spa|d | ||
| 082 | 0 | 4 | |a 628.509 |b DIA |2 21 |
| 100 | 0 | |a Díaz Alvarez, María Cruz |e author |9 300173 | |
| 700 | 0 | |a Garrido Valero, Soledad |e author |9 300174 | |
| 700 | 0 | |a Hidalgo González, Rosa |e author |9 300175 | |
| 110 | 2 | |a Ministerio de Obras Públicas y Urbanismo. Centro de Publicaciones |e author |9 300176 | |
| 245 | 1 | 0 | |a Contaminación agraria difusa |
| 300 | |a 98 p | ||
| 942 | |c BK | ||
| 945 | |d 19921016 00:00:00 | ||
| 260 | |a Madrid |b Ministerio de Obras Públicas y Urbanismo |c 1989 | ||
| 650 | 0 | |a Contaminación agrícola |9 262831 | |
| 650 | 7 | |a PLAGUICIDAS ASPECTOS AMBIENTALES |2 CL-VaPUC |9 262832 | |
| 650 | 0 | |a Fertilizantes |9 262833 | |
| 650 | 7 | |a PRODUCTOS QUIMICOS AGRICOLAS |2 CL-VaPUC |9 262834 | |
| 583 | |a last modification |c 19921016 00:00:00 |k Rodrigo Vera | ||
| 490 | 0 | |a Unidades Temáticas Ambientales | |
| 999 | |c 212230 |d 212228 | ||
| 952 | |0 0 |1 0 |4 0 |6 628_509000000000000_DIA_1989 |7 0 |8 A |9 192843 |a BIBING |b BIBING |d 2019-11-14 |i 2604868 |o 628.509 DIA 1989 |p 2604868 |r 2025-01-20 |w 2019-11-14 |y BK |k CCL | ||